Venice-Cannaregio / (Запис № 562024)

МАРК-запис
000 -LEADER
fixed length control field 01251cam a2200253Mi 4500
001 - CONTROL NUMBER
control field venicecannaregio00pill
003 - CONTROL NUMBER IDENTIFIER
control field CaSfIA
005 - DATE AND TIME OF LATEST TRANSACTION
control field 20210119105657.0
007 - PHYSICAL DESCRIPTION FIXED FIELD--GENERAL INFORMATION
fixed length control field cr||||
008 - FIXED-LENGTH DATA ELEMENTS--GENERAL INFORMATION
fixed length control field 910918s1987 it 000 0 eng d
040 ## - CATALOGING SOURCE
Original cataloging agency CaQMCCA
Transcribing agency CNCCA
Modifying agency CaSfIA
035 ## - SYSTEM CONTROL NUMBER
System control number (OCoLC)78762878
100 1# - MAIN ENTRY--PERSONAL NAME
Personal name Pillinini, Stefano.
245 10 - TITLE STATEMENT
Title Venice-Cannaregio /
Medium [electronic resource]
Statement of responsibility, etc text written by Stefano Pillinini ; photographs by Graziano Arici.
260 ## - PUBLICATION, DISTRIBUTION, ETC. (IMPRINT)
Place of publication, distribution, etc [Venezia?] :
Name of publisher, distributor, etc Associazione Venezia-Cannaregio,
Date of publication, distribution, etc [1987?]
300 ## - PHYSICAL DESCRIPTION
Extent [67] p. (some folded) :
Other physical details col. ill., maps ;
Dimensions 23 x 11 cm.
504 ## - BIBLIOGRAPHY, ETC. NOTE
Bibliography, etc Includes bibliographical references (p. [66-67]).
506 ## - RESTRICTIONS ON ACCESS NOTE
Standardized terminology for access restriction Необхідна авторизація на https://archive.org/ (створення облікового запису безкоштовно)
506 ## - RESTRICTIONS ON ACCESS NOTE
Standardized terminology for access restriction Необхідна авторизація на https://openlibrary.org/ (створення облікового запису безкоштовно)
700 1# - ADDED ENTRY--PERSONAL NAME
Personal name Arici, G.
856 41 - ELECTRONIC LOCATION AND ACCESS
Uniform Resource Identifier <a href="http://www.archive.org/details/venicecannaregio00pill">http://www.archive.org/details/venicecannaregio00pill</a>
Public note Free eBook from the Internet Archive
856 42 - ELECTRONIC LOCATION AND ACCESS
Uniform Resource Identifier <a href="http://www.openlibrary.org/books/OL24223014M">http://www.openlibrary.org/books/OL24223014M</a>
Public note Additional information and access via Open Library
942 ## - ADDED ENTRY ELEMENTS (KOHA)
Koha item type ЕКнига

Немає доступних примірників.